Master Handbook of Acoustics / (Record no. 16472)
[ view plain ]
| 000 -LEADER | |
|---|---|
| fixed length control field | 01113cam a2200277 a 4500 |
| 001 - CONTROL NUMBER | |
| control field | 15732461 |
| 005 - DATE AND TIME OF LATEST TRANSACTION | |
| control field | 20201128020923.0 |
| 008 - FIXED-LENGTH DATA ELEMENTS--GENERAL INFORMATION | |
| fixed length control field | 090511s2009 nyua b 001 0 eng |
| 020 ## - INTERNATIONAL STANDARD BOOK NUMBER | |
| International Standard Book Number | 9780071603324 (pbk. : alk. paper) : |
| Terms of availability | $39.95 |
| 020 ## - INTERNATIONAL STANDARD BOOK NUMBER | |
| International Standard Book Number | 0071603328 (pbk. : alk. paper) : |
| 040 ## - CATALOGING SOURCE | |
| Original cataloging agency | DLC |
| Transcribing agency | DLC |
| Modifying agency | UKM |
| -- | C#P |
| -- | JRS |
| -- | BWX |
| -- | DLC |
| 082 00 - DEWEY DECIMAL CLASSIFICATION NUMBER | |
| Classification number | 620.2 |
| Edition number | 22 |
| Item number | EVE |
| 100 1# - MAIN ENTRY--PERSONAL NAME | |
| Personal name | Everest, F. Alton |
| Fuller form of name | (Frederick Alton), |
| Dates associated with a name | 1909-2005. |
| 9 (RLIN) | 28940 |
| 245 10 - TITLE STATEMENT | |
| Title | Master Handbook of Acoustics / |
| Statement of responsibility, etc | F. Alton Everest ; Ken C. Pohlmann. |
| 250 ## - EDITION STATEMENT | |
| Edition statement | 5th ed. |
| 260 ## - PUBLICATION, DISTRIBUTION, ETC. (IMPRINT) | |
| Place of publication, distribution, etc | New York : |
| Name of publisher, distributor, etc | McGraw-Hill, |
| Date of publication, distribution, etc | c2009. |
| 300 ## - PHYSICAL DESCRIPTION | |
| Extent | xviii, 510 p. : |
| Other physical details | ill. ; |
| Dimensions | 24 cm. |
| 504 ## - BIBLIOGRAPHY, ETC. NOTE | |
| Bibliography, etc | Includes bibliographical references (p. 465-479) and index. |
| 650 #0 - SUBJECT ADDED ENTRY--TOPICAL TERM | |
| Topical term or geographic name as entry element | Sound. |
| 9 (RLIN) | 28941 |
| 650 #0 - SUBJECT ADDED ENTRY--TOPICAL TERM | |
| Topical term or geographic name as entry element | Electronics. |
| 9 (RLIN) | 28942 |
| 650 #0 - SUBJECT ADDED ENTRY--TOPICAL TERM | |
| Topical term or geographic name as entry element | Acoustical engineering. |
| 9 (RLIN) | 319 |
| 653 ## - INDEX TERM--UNCONTROLLED | |
| Resource For college | |
| Arrived date list | February2012 |
| 700 1# - ADDED ENTRY--PERSONAL NAME | |
| Personal name | Pohlmann, Ken C. |
| 9 (RLIN) | 28943 |
| 942 ## - ADDED ENTRY ELEMENTS (KOHA) | |
| Source of classification or shelving scheme | Dewey Decimal Classification |
| Item type | Book - Borrowing |
| Withdrawn status | Item status | Source of classification or shelving scheme | Damaged status | Not for loan | Vendor | Home library | Current library | Shelving location | Date acquired | Source of acquisition | Cost, normal purchase price | Serial Enumeration / chronology | Total Checkouts | Total Renewals | Full call number | Barcode | Date last seen | Date last borrowed | Koha item type |
|---|---|---|---|---|---|---|---|---|---|---|---|---|---|---|---|---|---|---|---|
| Dewey Decimal Classification | Alahram | Central Library | Central Library | First floor | 16/02/2012 | 252.00 | 681 | 1 | 1 | 620.2 EVE | 000026124 | 15/07/2025 | 08/04/2013 | Book - Borrowing |